Qurban Qurbanovun qol vurduğu ölkələr - Statistics

General Stats
  • This quiz has been taken 12 times
  • The average score is 5 of 10
Answer Stats
Ölkə Qol Sonuncu % Correct
Qazaxıstan 2 1993
75%
Serbiya və Monteneqro 3 2003
75%
Belarus 1 1996
50%
Latviya 1 2004
50%
Moldova 1 2004
50%
Özbəkistan 1 2004
50%
Türkmənistan 1 1997
50%
Estoniya 1 1999
25%
Lixtenşteyn 2 1999
25%
Farer adaları 1 1996
0%
No matching quizzes found
Score Distribution
Percent of People with Each Score
Percentile by Number Answered
Your Score History
You have not taken this quiz